Tratado jurisprudencial de Derecho Administrativo

Uloženo v:
Podrobná bibliografie
Hlavní autor: Pantoja Bauzá, Rolando (autor)
Médium: Kniha
Jazyk:španělština
Vydáno: Santiago Legal Publishing 2012
Vydání:8a. ed
Témata:
Tagy: Přidat tag
Žádné tagy, Buďte první, kdo vytvoří štítek k tomuto záznamu!

MARC

LEADER 00000cam a2200000 a 4500
001 UCF2141
003 CL-VaPUC
008 120810e20120200CL |||||||||||||||||spa|d
020 |a 9789563461299o.c 
020 |a 9789563461305t.10 v.1 
020 |a 9789563461312t.10 v.2 
082 0 4 |a 342.8306  |b PAN  |2 21 
100 |a Pantoja Bauzá, Rolando  |e autor  |9 568200 
245 1 0 |a Tratado jurisprudencial de Derecho Administrativo 
250 |a 8a. ed 
300 |a v 
942 |c BK 
945 |d 20120810 00:00:00  |a dcastane 
260 |a Santiago  |b Legal Publishing  |c 2012 
500 |a tomo 10. v.1- v.2: estatuto administrativo interpretado, actualizado, coordinado y sistematizado 
650 0 |a Actos administrativos   |9 256128 
650 7 |a POTESTAD REGLAMENTARIA  |2 CL-VaPUC  |9 384507 
650 0 |a Administración del Estado  |9 391238 
650 0 |a Derecho administrativo chileno  |9 461009 
583 |a last modification  |c 20171004 11:11:13  |k Rodrigo Vera 
999 |c 348789  |d 348787 
952 |0 0  |1 0  |4 0  |6 342_830600000000000_PAN_2012  |7 0  |8 A  |9 450964  |a BIBDER  |b BIBDER  |d 2019-11-22  |h t.10 v.1  |i 4857259  |o 342.8306 PAN 2012  |p 4857259  |r 2023-01-25  |w 2019-11-22  |y BK  |k DER 
952 |0 0  |1 0  |4 0  |6 342_830600000000000_PAN_2012  |7 0  |8 A  |9 450965  |a BIBDER  |b BIBDER  |d 2019-11-22  |h t.10 v.1  |i 4857240  |o 342.8306 PAN 2012  |p 4857240  |r 2023-01-25  |w 2019-11-22  |y BK  |k DER